Piłkarze Manchester United - nagła śmierć - Statystyki

Ogólne statystyki
  • Ten quiz został rozwiązany 384 razy
  • Średni wynik to 9 z 10
Answers on the Grid
Answers color-coded by a green-red scale on the quiz's grid according to % correct below.
B. Fernandes
J. Mc Atee
A. Garnacho
F. Torres
A. Diallo
A. Isak
J. Zirkzee
N. Gonzales
A. Onana
K. Mainoo
H. Maguire
Mamardarshvili
Casemiro
S. Kjear
L. Shaw
M. Mount
 
Statystyki odpowiedzi
Odpowiedź % Poprawnych
B. Fernandes
96%
A. Garnacho
91%
H. Maguire
91%
Casemiro
90%
A. Onana
88%
L. Shaw
88%
A. Diallo
85%
K. Mainoo
85%
J. Zirkzee
84%
M. Mount
84%
Nie znaleziono quizów pasujących do podanych kryteriów
Rozkład punktacji
Procent ludzi z każdym wynikiem
Percentyl według liczby udzielonych odpowiedzi
Twoja historia wyników
Nie rozwiązałeś tego quizu